000 01788nam a2200385 c 4500
003 BLK
005 20231023150410.0
008 180409b bul|||||r ||||||| ||bul||
010 _aKNG00139976000
020 _a978-954-9877-26-7
_bиздат.: Амат-Ах
040 _aBLK
041 _aBUL
_cBUL
072 7 _2bullib
_aН33
_xИкономика Н
080 _aИкономическа психология. Икономическо поведение. Физиологични и психологични елементи. Интереси. Икономически дух
_b330.16
_x
_z330.16
100 1 _aКупър, Саймън
_eпърви автор
_9324240
700 1 _aМирo, Евгения
_eпрев.
_9324241
139 _aКупър, Саймън
_bК 94
245 1 0 _aБрилянтният лидер
_bОнова, което знаят, правят и казват най-добрите лидери
_cСаймън Купър; прев. Евгения Мирo.
257 _aGBR
260 София
_bАмат-Ах
_c2011
_fСофия : Скала
300 _a192 с.
_c20 см
380 _a3
500 _aОриг. загл. Brilliant Leader / Simon Cooper. - Името на прев. отбелязано на гърба на предзагл. с. - Библиогр. с. 187. - Азб. показалец.
650 4 _aЛидерство
_9160414
650 4 _aИкономическо поведение
_9245306
653 _aлидерство
653 _aикономическо поведение
659 _aН
852 _aЦб 258483
856 4 _qpdf
_u
856 4 _qpdf
_u
942 _cKNG
_n0
_04
944 _aCR
_c25.02.2013
_lМартин Енчев
_k30575
944 _aED
_c21.06.2013
_lф /
_k
999 _c134069
_d134069